01019nam a2200253Ia 450000500170000000800390001702000150005604100080007108200340007910000370011324501900015025000220034030000400036249000130040265000590041565100420047465100490051665100450056526400320061033600270064233700330066933800280070204000350073020220316235227.0121119s1985 ck a gr 000 e spa a84892094640 aspa04a320.98605bS15e222 edición1 aSánchez Gómez, Gonzalod194510aEnsayos de historia social y política del siglo XXblos bolcheviques del Libano, las ligas campesinas en Colombia, las raíces historicas de la amnistíacGonzalo Sánchez Gómez  aPrimera edición a276 páginasbilustracionesc20 cm0 aHistoria14aViolenciazColombiavEnsayos, conferencias, etc.2LEMB 4aColombiavPolítica socialzColombia 4aColombiavCondiciones económicasxHistoria 4aColombiavCondiciones socialesxHistoria aBogotábEl Áncorac1985 atextobtxt2rdacontent asin mediaciónbn2rdamedia avolumenbnc2rdacarrier aCO-BoRNBPbspaerdacCO-BoRNBP